000
00215 a2200097 4500
001
19799
100
_a
Fink, D G
245
_a
Standard H/B for electrical Engrs
260
_a
_b
McGraw-Hill
_c
090
_c
14423
_d
14423
942
_a
NUST-CAE
_c
M
_c
4918
999
_c
254872
_d
254872